| 000 | 01341nam a22001937a 4500 | ||
|---|---|---|---|
| 999 |
_c10885 _d10885 |
||
| 003 | AR-CdUCM | ||
| 008 | 190402b ||||| |||| 00| 0 spa d | ||
| 040 |
_aMUNICIPALIDAD PROVINCIAL DEL CUSCO _cBIBLIOTECA MUNICIPAL DEL CUSCO |
||
| 082 |
_aES / 500.1 / _bM61 |
||
| 110 |
_aSantillana _918102 |
||
| 245 |
_aCiencias naturales : _bLibro de consulta, educación básica regular / |
||
| 260 |
_aEspaña : _bSantillana, s.a., _c1977. |
||
| 300 |
_a6 tomos ; _c25 cm. |
||
| 505 | _aContenido :t.1. Los estados de la materia -- Fuerza y movimiento -- La luz -- Los sonidos -- El calor de los cuerpos -- t.3. Las propiedades de la materia -- Fuerza y peso -- Trabajo y energía -- Energía eléctrica y magnética -- La tierra en el universo -- t.4. Cambios de la materia -- Estructura eléctrica de la materia -- El movimiento: cambio de posición -- El sistema solar -- La corteza de la tierra -- t.5. La estructura de la materia -- Cambios físicos y químicos -- Mezclas y soluciones -- Las fuerzas tienen direcciones -- La exploración del espacio -- t.6 La materia y su medida -- La energía calórica -- La energía eléctrica y magnética -- El estudio del movimiento -- La acción geológica del aire y del agua ... | ||
| 650 |
_aCiencias naturales _910176 |
||
| 650 |
_aCiencias aplicadas _920077 |
||
| 942 |
_2ddc _cLIBROS |
||
| 945 | _arum | ||